| 000 | 01427nam a2200373Ia 4500 | ||
|---|---|---|---|
| 001 | dia_5364 | ||
| 003 | CHAP | ||
| 005 | 20240403115627.0 | ||
| 007 | ta | ||
| 008 | 220117s1983 mx f 001 0 spa d | ||
| 040 |
_cCHAP _amxchpua |
||
| 090 |
_aT.C.18 _bS25 IAI _c1983 |
||
| 245 | 1 | 0 |
_aReporte del viaje de estudios realizado al ingenio Emiliano Zapata del edo. de Morelos / _ccoordinadores Víctor Sánchez Peña y Luis Ramiro García Chávez ; colaboradores Mario García Balderas...[et al.] |
| 260 |
_aMéxico : _bEl autor, _c1983 |
||
| 300 | _a61 hojas. | ||
| 336 |
_2rdacontent _atexto _btxt |
||
| 337 |
_2rdamedia _asin medio _bn |
||
| 338 |
_2rdacarrier _avolumen _bnc |
||
| 500 | _aGrado 5º Grupo A | ||
| 502 |
_aViaje de estudios _b(IAI) -- _cUACh. Departamento de Ingeniería Agroindustrial, _d1983 |
||
| 650 | 1 | 3 |
_aCaña de azúcar _918571 _zMéxico _zMorelos |
| 650 | 1 | 3 |
_aIndustria azucarera _957780 _zMéxico _zMorelos |
| 650 | 1 | 3 |
_aCane sugar _9148427 _zMexico _zMorelos |
| 650 | 1 | 3 |
_aSugar industry _9151278 _zMexico _zMorelos |
| 700 | 1 |
_aSánchez Peña, José Víctor _9107749 _ecoordinador |
|
| 700 | 1 |
_aGarcía Chávez, Luis Ramiro _ecoordinador _945860 |
|
| 700 | 1 |
_aGarcía Balderas, Mario _9158447 _ecolaborador |
|
| 901 | _aT.C.18 S25 IAI 1983 | ||
| 902 | _aM | ||
| 905 | _a5332271983 mx in 8222223322spa16 | ||
| 942 | _2local | ||
| 942 | _cVE | ||
| 999 |
_c176301 _d176301 |
||